<?xml version="1.0" encoding="UTF-8"?>
<collection xmlns="http://www.loc.gov/MARC21/slim">
 <record>
  <leader>     na                 </leader>
  <controlfield tag="001">INLIS000000000009421</controlfield>
  <controlfield tag="005">20221027121323</controlfield>
  <datafield tag="035" ind1=" " ind2=" ">
   <subfield code="a">0010-0520009421</subfield>
  </datafield>
  <controlfield tag="008">221027                |          | ind  </controlfield>
  <datafield tag="020" ind1=" " ind2=" ">
   <subfield code="a">979-769-150-9</subfield>
  </datafield>
  <datafield tag="041" ind1=" " ind2=" ">
   <subfield code="a">ind</subfield>
  </datafield>
  <datafield tag="082" ind1=" " ind2=" ">
   <subfield code="a">340.56</subfield>
  </datafield>
  <datafield tag="084" ind1=" " ind2=" ">
   <subfield code="a">340.56 GUN t</subfield>
  </datafield>
  <datafield tag="100" ind1="0" ind2=" ">
   <subfield code="a">Gunawan Widjaja</subfield>
  </datafield>
  <datafield tag="245" ind1="1" ind2=" ">
   <subfield code="a">Transplantasi Trusts :</subfield>
   <subfield code="b">Dalam KUH Perdata, KUHD, dan UU Pasar Modal Indonesia /</subfield>
   <subfield code="c">Gunawan Widjaja</subfield>
  </datafield>
  <datafield tag="260" ind1=" " ind2=" ">
   <subfield code="a">Jakarta :</subfield>
   <subfield code="b">PT RajaGrafindo Persada,</subfield>
   <subfield code="c">2008</subfield>
  </datafield>
  <datafield tag="300" ind1=" " ind2=" ">
   <subfield code="a">Lii, 656 hlm. ;</subfield>
   <subfield code="c">21 cm</subfield>
  </datafield>
  <datafield tag="520" ind1=" " ind2=" ">
   <subfield code="a">Dijelaskan dalam buku ini dengan sangat tegas bahwa keberadaan pranata serupa trusts ini merupakan hasil dari poses transformasi equity trusts (yang semula berada dalam lapangan equity) menjadi common law trusts (yang tunduk pada aturan common law) pada tradisi hukum Anglo Saxon. Common law trusts ini selanjutnya ditransplantasikan masuk ke dalam negara-negara yang mempunyai tradisi hukum Eropa Kontinenal, kemudian menjadi bagian dari hukum postif negara tersebut. Jadi, sebelum undang-undang khusus mengenai trusts dibentuk, ketentuan-ketentuan mengenai pranata serupa trusts dalam KUH Perdata, KUHD, dan Undang-Undang Pasar Modal bisa menjadi acuan. Hal ini penting sekali diketahui tidak hanya oleh para praktisi dan akademisi hukum, tetapi juga kalangan usahawan yang terlibat dalam berbagai kegiatan pembiayaan (cross-border financing) agar mereka tidak khawatir lagi menggunakan pranata trusts dalam setiap transaksi hukum yang dilakukan. Lebih jelasnya mengenai keberadaan pranata hukum serupa trusts dalam KUH Perdata, KUHD, dan UUPM diuraikan dalam buku ini. Menariknya, buku ini tidak hanya memaparkan transplantasi trusts di Indonesia, tetapi juga di negara-negara lain yang juga menganut Hukum Eropa Kontinental, seperti Provinsi Quebec di Kanada, Negara Bagian Lousiana di Amerika Serikat, Afrika Selatan, Cina, dan lain-lain sebagai perbandingan. Selain itu, buku ini juga mencoba memberikan solusi terhadap keberadaan trusts di Indonesia.</subfield>
  </datafield>
  <datafield tag="650" ind1=" " ind2="4">
   <subfield code="a">Capital market-Law and legislation-Indonesia.</subfield>
  </datafield>
  <datafield tag="990" ind1=" " ind2=" ">
   <subfield code="a">21692/MKRI-P/XI-2011</subfield>
  </datafield>
  <datafield tag="990" ind1=" " ind2=" ">
   <subfield code="a">21693/MKRI-P/XI-2011</subfield>
  </datafield>
  <datafield tag="990" ind1=" " ind2=" ">
   <subfield code="a">21694/MKRI-P/XI-2011</subfield>
  </datafield>
  <datafield tag="990" ind1=" " ind2=" ">
   <subfield code="a">21695/MKRI-P/XI-2011</subfield>
  </datafield>
  <datafield tag="990" ind1=" " ind2=" ">
   <subfield code="a">21695/MKRI-P/XI-2011</subfield>
  </datafield>
  <datafield tag="990" ind1=" " ind2=" ">
   <subfield code="a">21692/MKRI-P/XI-2011</subfield>
  </datafield>
  <datafield tag="990" ind1=" " ind2=" ">
   <subfield code="a">21693/MKRI-P/XI-2011</subfield>
  </datafield>
  <datafield tag="990" ind1=" " ind2=" ">
   <subfield code="a">21694/MKRI-P/XI-2011</subfield>
  </datafield>
  <datafield tag="990" ind1=" " ind2=" ">
   <subfield code="a">21694/MKRI-P/XI-2011</subfield>
  </datafield>
  <datafield tag="990" ind1=" " ind2=" ">
   <subfield code="a">21692/MKRI-P/XI-2011</subfield>
  </datafield>
  <datafield tag="990" ind1=" " ind2=" ">
   <subfield code="a">21693/MKRI-P/XI-2011</subfield>
  </datafield>
  <datafield tag="990" ind1=" " ind2=" ">
   <subfield code="a">21695/MKRI-P/XI-2011</subfield>
  </datafield>
  <datafield tag="990" ind1=" " ind2=" ">
   <subfield code="a">21693/MKRI-P/XI-2011</subfield>
  </datafield>
  <datafield tag="990" ind1=" " ind2=" ">
   <subfield code="a">21692/MKRI-P/XI-2011</subfield>
  </datafield>
  <datafield tag="990" ind1=" " ind2=" ">
   <subfield code="a">21694/MKRI-P/XI-2011</subfield>
  </datafield>
  <datafield tag="990" ind1=" " ind2=" ">
   <subfield code="a">21695/MKRI-P/XI-2011</subfield>
  </datafield>
  <datafield tag="990" ind1=" " ind2=" ">
   <subfield code="a">21692/MKRI-P/XI-2011</subfield>
  </datafield>
  <datafield tag="990" ind1=" " ind2=" ">
   <subfield code="a">21693/MKRI-P/XI-2011</subfield>
  </datafield>
  <datafield tag="990" ind1=" " ind2=" ">
   <subfield code="a">21694/MKRI-P/XI-2011</subfield>
  </datafield>
  <datafield tag="990" ind1=" " ind2=" ">
   <subfield code="a">21695/MKRI-P/XI-2011</subfield>
  </datafield>
 </record>
</collection>
